Pretty little liars.. are you up A challenge? - Statistics

General Stats
  • This quiz has been taken 679 times
  • The average score is 7 of 15
Answer Stats
Hint Answer % Correct
Who was the only liar Alison said she could trust? Emily
89%
Okay last question... It's a big one.. Who is "Big A"?? - Lets see who gets it right (; I wish it was that easy... We will just have to wait and see.. :)
87%
Who kidnapped Malcolm and took him the the carival? Spencer
82%
What is Ezra's real name? Ezra Fitzgerald
64%
Who was revealed to be the Queen of hearts on the halloween train? Melissa
62%
What does "Miss Aria you're a killer, not Ezra's wife" stand for? Maya knew
55%
Finish the "A" quote.. "Mona played with dolls, I play with..." Body parts
40%
What did Spencer's doll from "A" say when she pulled the string? "Keep Toby safe"
40%
What peice of jewellery that Jenna was wearing made Hanna realize that Caleb was using her? Owl necklace
40%
What is the name of Emily's old girlfriend that "A" forced her to break up with? Samara
38%
What was the word that Toby used to win the game of scrabble against Spencer in season one? Goofball
33%
What is the name of Spencer's friend from Radley who recently went missing? Eddie Lamb
22%
What pastry dish did Aria bring over to Ezra's apartment that sparked their reconcilliation? (season five) Key lime pie
14%
What did "A" write on Spencer's mirror when she was locked in the steam room that prompted her to tell the girls about Toby? "Steamy with Wren, steamy with me."
14%
What did the pocket watch that Spencer gave to Toby have engraved on it? "You are my once upon a time"
13%
No matching quizzes found
Score Distribution
Percent of People with Each Score
Percentile by Number Answered
Your Score History
You have not taken this quiz